000 01308 a2200241 4500
001 39873
005 20260407155655.0
008 260407a1988 arg spa d
003 AR-UNSa-BCEJYS
040 _aAR-UNSa-BCEJYS
_bspa
_cAR-UNSa-BCEJYS
080 _a657(083)
_xResoluciones Técnicas Contables. Informes
245 1 0 _aResoluciones técnicas Nos. 8 y 9
_pnormativa, fundamentos y aplicación del modelo de exposición
020 _a950-99231-0-9
250 _a3a. ed.
264 1 _aBuenos Aires :
_bReisa
_c1988
300 _a697 p.
_c22 cm.
505 _a1. Aspectos introductorios - 2. Normas comunes a todos los estados contables - 3. Estado de situación patrimonial - 4. Estado de resultados - 5. Estado de evolución del patrimonio neto - 6. Información complementaria - 7. Estado de variaciones del capital corriente o de origen y aplicación de fondos - 8. Planteo del caso Resumen - 9. Solución del caso Resumen - Sociedades no incluidas en el art. 299 de la Ley 19.550 - 10. Solución del caso Resumen - Sociedades incluidas en el art. 299 de la Ley 19.550
041 _aspa
942 _cBK
590 _aniveau_biblio:m niveau_hierar:0
100 1 _aSenderovich, Pablo David
856 4 1 _uhttps://biblioeco.unsa.edu.ar/pmb/images/libros/L69512.jpg
_yImagen de portada
_qimage/jpeg
999 _c3117
_d3117